Famous Signatures Quiz Stats

 Plays Quiz Updated Jan 20, 2017

Also try: Famous Fuzzy Faces
Challenge
Share
Tweet
Score 0/25 Timer 06:00
1 Play Today
Location Signee % Correct
Column 1Jerry Seinfeld
92.7%
Column 1Tony Blair
91.1%
Column 2Hillary Rodham Clinton
90.6%
Column 5John Hancock
88.5%
Column 3Steve Jobs
87.3%
Column 2Karl Marx
79.6%
Column 4Dwight D. Eisenhower
77.8%
Column 5Oprah Winfrey
77.2%
Column 5Jacqueline Kennedy
76.2%
Column 4Sigmund Freud
76.1%
Column 2Galileo Galilei
65.7%
Column 2Adolf Hitler
64.9%
Column 1Benedict Arnold
62.1%
Location Signee % Correct
Column 4Louis Braille
61.2%
Column 3Agatha Christie
58.6%
Column 1Walt Disney
55.8%
Column 4Margaret Thatcher
55%
Column 5Oliver Cromwell
49.8%
Column 5Neville Chamberlain
49.7%
Column 3Barack Obama
49.6%
Column 3Nelson Mandela
40.2%
Column 4Mohandas K. Gandhi
36.4%
Column 2Enrico Fermi
23.5%
Column 3Yitzhak Rabin
17.9%
Column 1Martin Luther
4%

You're not logged in!

Compare scores with friends on all Sporcle quizzes.
Join for Free
OR
Log In

You Might Also Like...

Show Comments

Extras

Top Quizzes Today


Score Distribution

Your Account Isn't Verified!

In order to create a playlist on Sporcle, you need to verify the email address you used during registration. Go to your Sporcle Settings to finish the process.

Report this User

Report this user for behavior that violates our Community Guidelines.

Details: